00865 2200181 4500245003100000020002200031250001100053100001300064700001500077650001700092005001900109260002800128041001400156084001100170300002300181500047000204336000900674 aThe ChancecAngelxs_hText a978-602-6940-70-4 aCet. 1 aAngelxs_ aAnggie Eka aNovel Remaja a20231013110943 aDepokbBest Mediac2017 aIndonesia a808.83 a480 hlm. :c21 cm. aEmpat tahun. Selama itu aku tidak bertemu denganmu, tidak melihat wajah tampanmu, tidak melihat senyummu, tidak mendengar tawamu. Kau tak tahu seberapa besar rasa rindu yang kupendam selama kau tak ada di sisiku. Kini kau kembali lagi ke dalam hidupku, jauh lebih menawan dari yang kuingat. Namun, kau sulit untuk kugapai meskipun kau berada sangat dekat denganku. Dan itu sangat menyiksaku. Bisakah kau beri aku kesempatan untuk memperjuangkanmu? Demi kita berdua. atext